• 首页
  • 本馆介绍
  • 公告通知
  • 最新文献
  • 馆藏检索
  • 电子资源
  • 读者导购
  • 参考咨询
  • 我的图书馆
  • 登录
  • 详细信息显示
  • 放入我的书架
  • 预约/预借图书
  • 作者相关作品
  • 分类相关作品
  • 丛书相关作品
  • 出版社相关作品

书目信息

  • 表格格式
  • 工作单格式
  • 卡片格式
题名:
重温四时八节
    
 
作者: 马芳 主编 ;马丙 绘
分册:   清明
出版信息: 长沙   湖南美术出版社  2022
页数: 103页
开本: 24cm
丛书名:
单 册:
中图分类: P462-49 , K892.1
科图分类:
主题词: 二十四节气--中国--古代--普及读物 , 风俗习惯
电子资源:
ISBN: 978-7-5356-8536-0
000 00767nam0 2200253 450
001 2334742723
005 20231124162847.28
010    @a978-7-5356-8536-0@dCNY29.80
100    @a20221014d2022 em y0chiy50 ea
101 0  @achi
102    @aCN@b430000
105    @aa z 000yy
200 1  @a重温四时八节@9chong wen si shi ba jie@i清明@f马芳主编@g马丙绘
210    @a长沙@c湖南美术出版社@d2022
215    @a103页@c彩图@d24cm
330    @a本书介绍了清明、惊蛰、春分、三月三、寒食节、泼水节、谷雨、立夏等节气习俗。
606 0  @a二十四节气@y中国@z古代@j普及读物
606 0  @a风俗习惯
690    @aP462-49@v5
690    @aK892.1@v4
701  0 @a马芳@9ma fang@4主编
702  0 @a马丙@9ma bing@4绘
801  0 @aCN@b91MARC@c20221031
905    @aBZT@dK892.1@e44:2
    
    重温四时八节.清明/马芳主编/马丙绘.-长沙:湖南美术出版社,2022
    103页:彩图;24cm
    
    
    ISBN 978-7-5356-8536-0:CNY29.80
    本书介绍了清明、惊蛰、春分、三月三、寒食节、泼水节、谷雨、立夏等节气习俗。
●
相关链接 在五车中查询图书 在当当中查询图书 在豆瓣中查询图书


正题名:重温四时八节     索取号:K892.1/44:2         预约/预借

序号 登录号 条形码 馆藏地/架位号 状态 备注
1 2001040502   2001040502   中教第一批/山东中教(第一批)/609/ [索取号:K892.1/44:2] 在馆    
2 2001040503   2001040503   中教第一批/山东中教(第一批)/609/ [索取号:K892.1/44:2] 在馆    
3 2001040504   2001040504   中教第一批/山东中教(第一批)/609/ [索取号:K892.1/44:2] 在馆    
4 2001040505   2001040505   中教第一批/山东中教(第一批)/609/ [索取号:K892.1/44:2] 在馆    
5 2001040506   2001040506   中教第一批/山东中教(第一批)/609/ [索取号:K892.1/44:2] 在馆    
6 2001040507   2001040507   中教第一批/山东中教(第一批)/609/ [索取号:K892.1/44:2] 在馆    
山东省滨州职业学院图书馆 欢迎您!
大连网信软件有限公司© 版权所有